000 00546nam a2200145Ia 4500
008 090124s9999 xx 000 0 und d
082 _b304806
245 _a कमिशनर ऑफ पोलीस ठाणे आयुक्तालय
250 _a1
260 _bहरकारे अरुण
_c2003
300 _a105
630 _a कमिशनर ऑफ पोलीस ठाणे आयुक्तालय
730 _a कमिशनर ऑफ पोलीस ठाणे आयुक्तालय
942 _cBOOK
999 _c194735
_d194735